| 000 | 00951nam a22002297a 4500 | ||
|---|---|---|---|
| 999 |
_c20148 _d20148 |
||
| 003 | AR-CdUCM | ||
| 008 | 190527b ||||| |||| 00| 0 spa d | ||
| 020 | _a84-7232-395-1 | ||
| 040 |
_aMUNICIPALIDAD PROVINCIAL DEL CUSCO _cBIBLIOTECA MUNICIPAL DEL CUSCO |
||
| 082 |
_a330.4 / _bG58 |
||
| 100 |
_aGomez Camacho, Popescu, Hutchison Astigarraga, Grice y otros _942132 |
||
| 110 |
_aInstituto de Cooperación Iberoamericana _94266 |
||
| 245 | _aAportaciones del pensamiento económico iberoamericano siglos XVI-XX / | ||
| 260 |
_aMadrid : _bCultura hispánica _c1986. |
||
| 300 |
_a298 páginas ; _c25 cm. |
||
| 505 | _aContenido: Orígenes hispanoamericanos de la teoría cuantitativa -- El pensamiento económico de Melchor Soria -- Hacia la configuración del pensamiento liberal... | ||
| 650 |
_aPensamiento económico _96273 |
||
| 650 |
_aEconomía iberoamericana _942133 |
||
| 650 |
_aEconomia _9382 |
||
| 942 |
_2ddc _cLIBROS |
||
| 945 | _aAndy | ||